000 00576nam a2200205 a 4500
005 20140412111317.0
008 010416s19uu xx 00 eng d
020 _a0-395-45990-7
050 _aM 398.2
_bW112 1967
050 _aM 398.2
_bW11 1967
100 _aWaber, Bernard
245 _aAn anteater named Arthur /
_cby Bernard Waber.
260 _aBoston :
_bHoughton Mifflin Company,
_c1967.
300 _a48 p. ; ill.
440 _aHoughton Mifflin Literature
650 _aChildren's stories
650 _aAnteater stories
999 _c104263
_d104263